In Amma`s Healing Room (Record no. 14039)

MARC details
000 -LEADER
fixed length control field 00678nam a2200241 a 4500
020 ## - INTERNATIONAL STANDARD BOOK NUMBER
ISBN 8125033653
082 00 - DEWEY DECIMAL CLASSIFICATION NUMBER
Classification number 234.13
Author Cutter FLU
100 ## - MAIN ENTRY--AUTHOR NAME
Author name Flueckiger, Joyce Burkhalter
245 ## - TITLE STATEMENT
Title In Amma`s Healing Room
Sub title Gender and Vernacular Islam in South India
260 ## - PUBLICATION, DISTRIBUTION, ETC. (IMPRINT)
Place of publication New Delhi
Name of publisher Orient Blackswan
Year of publication 2008
300 ## - PHYSICAL DESCRIPTION
Number of Pages 294p
500 ## - GENERAL NOTE
General note includes index and biblioraphy
505 2# - FORMATTED CONTENTS NOTE
Formatted contents note gloddary, biblio, index
650 ## - SUBJECT ADDED ENTRY--TOPICAL TERM
Topical Term Healing-Religious
942 ## - ADDED ENTRY ELEMENTS (KOHA)
Koha item type Books
700 1# -
-- Flueckiger, Joyce Burkhalter
Holdings
Collection code Home library Current library Date acquired Cost, normal purchase price Full call number Accession Number Koha item type
  Henry Martyn Institute Library Henry Martyn Institute Library 08/26/2013 395.00 234.13 FLU 022589 Books
                   Copyright © 2026 | Henry Martyn Institute | Hyderabad | TS-500052 | INDIA | Implemented by hmi.edu.in
Hit-Count:

Powered by Koha